Nykredit Mortgage Bank plc v Edward Erdman Group Ltd (Record no. 6404)
[ view plain ]
| 000 -LEADER | |
|---|---|
| fixed length control field | 01797cab a2200289 4500 |
| 001 - CONTROL NUMBER | |
| control field | ABS54414 |
| 008 - FIXED-LENGTH DATA ELEMENTS--GENERAL INFORMATION | |
| fixed length control field | 090401t1995 xxu||||| |||| 00| 0 eng d |
| 035 ## - SYSTEM CONTROL NUMBER | |
| System control number | (Sirsi) u10186 |
| 041 ## - LANGUAGE CODE | |
| Language code of text/sound track or separate title | eng |
| 245 ## - TITLE STATEMENT | |
| Title | Nykredit Mortgage Bank plc v Edward Erdman Group Ltd |
| 260 ## - PUBLICATION, DISTRIBUTION, ETC. | |
| Date of publication, distribution, etc. | 1995 |
| 350 ## - PRICE (NR) (BK AM CF MU VM SE) [OBSOLETE] | |
| Price | 0 |
| 490 ## - SERIES STATEMENT | |
| Series statement | Estates Gazette |
| Volume/sequential designation | (1995) 02 EG 110-114(5) |
| 520 ## - SUMMARY, ETC. | |
| Summary, etc. | CA 12 April 1995. Appeal by defendants (E) against a judgment awarded to the plaintiffs (N) in their claim for damages arising out of a valuation provided by E. E were asked to value a property by N, who, on the strength of the valuation of £3.5m for a disused factory, lent £2.45m to Lionhill Properties (L), who bought the property for £3.7m. Subsequently L defaulted under the loan agreement, and the property was sold by receivers for £345,000. N sued E for negligence and breach of contract in their valuation, and N were awarded damages in the High Court. E appealed, as to both liability and damages; the appeal to damages joined with others which was determined by the CA; (See Abs52613 "Banque Bruxelles Lambert SA v Eagle Star Insurance Co Ltd"). E continued appeal against liability, contending that if they arrived within a range of figures that might be reported by a valuer exercising reasonable skill and care, it did not matter that they may have been negligent in carrying out the |
| 650 ## - SUBJECT ADDED ENTRY--TOPICAL TERM | |
| Topical term or geographic name entry element | BANQUE BRUXELLES LAMBERT SA V EAGLE STAR INSURANCE CO LTD |
| 650 ## - SUBJECT ADDED ENTRY--TOPICAL TERM | |
| Topical term or geographic name entry element | FALLING MARKET |
| 650 ## - SUBJECT ADDED ENTRY--TOPICAL TERM | |
| Topical term or geographic name entry element | FALLING VALUES |
| 650 ## - SUBJECT ADDED ENTRY--TOPICAL TERM | |
| Topical term or geographic name entry element | LIONHILL |
| 650 ## - SUBJECT ADDED ENTRY--TOPICAL TERM | |
| Topical term or geographic name entry element | NEGLIGENCE |
| 650 ## - SUBJECT ADDED ENTRY--TOPICAL TERM | |
| Topical term or geographic name entry element | RESIDUAL VALUATION |
| 650 ## - SUBJECT ADDED ENTRY--TOPICAL TERM | |
| Topical term or geographic name entry element | SECURED LOAN |
| 650 ## - SUBJECT ADDED ENTRY--TOPICAL TERM | |
| Topical term or geographic name entry element | VALUERS |
| 690 ## - LOCAL SUBJECT ADDED ENTRY--TOPICAL TERM (OCLC, RLIN) | |
| Topical term or geographic name as entry element | MANAGEMENT-BUSINESS MANAGEMENT-PROFESSIONAL PRACTICE |
| 690 ## - LOCAL SUBJECT ADDED ENTRY--TOPICAL TERM (OCLC, RLIN) | |
| Topical term or geographic name as entry element | RATING AND VALUATION-CASE LAW |
| 942 ## - ADDED ENTRY ELEMENTS (KOHA) | |
| Suppress in OPAC | 0 |
| 948 ## - LOCAL PROCESSING INFORMATION (OCLC); SERIES PART DESIGNATOR (RLIN) | |
| c (OCLC) | 04/03/1997 |
| Withdrawn status | Lost status | Source of classification or shelving scheme | Damaged status | Not for loan | Home library | Current library | Shelving location | Date acquired | Total Checkouts | Full call number | Barcode | Date last seen | Copy number | Price effective from | Koha item type |
|---|---|---|---|---|---|---|---|---|---|---|---|---|---|---|---|
| Dewey Decimal Classification | London | London | Journal article | 14/09/1999 | ABS54414 | 10186-1001 | 06/08/2019 | 1 | 06/08/2019 | Law report |